| 000 | 01463nam a22003494a 4500 | ||
|---|---|---|---|
| 001 | ebr10082140 | ||
| 003 | CaPaEBR | ||
| 006 | m u | ||
| 007 | cr cn||||||||| | ||
| 008 | 030722s2003 enka sb 001 0 eng | ||
| 010 | _z 2003059312 | ||
| 020 | _z0719064767 (hbk.) | ||
| 020 | _z0719064775 (pbk.) | ||
| 040 |
_aCaPaEBR _cCaPaEBR |
||
| 035 | _a(OCoLC)559816980 | ||
| 050 | 1 | 4 |
_aHX244 _b.F58 2003eb |
| 082 | 0 | 4 |
_a330.12/6/0941 _222 |
| 100 | 1 |
_aFitzpatrick, Tony, _d1966- |
|
| 245 | 1 | 0 |
_aAfter the new social democracy _h[electronic resource] : _bsocial welfare for the twenty-first century / _cTony Fitzpatrick. |
| 260 |
_aManchester ; _aNew York : _bManchester University Press : _bDistributed exclusively in the USA by Palgrave, _c2003. |
||
| 300 |
_aviii, 232 p. : _bill. |
||
| 504 | _aIncludes bibliographical references (p. [209]-229) and index. | ||
| 533 |
_aElectronic reproduction. _bPalo Alto, Calif. : _cebrary, _d2013. _nAvailable via World Wide Web. _nAccess may be limited to ebrary affiliated libraries. |
||
| 610 | 2 | 0 | _aLabour Party (Great Britain) |
| 650 | 0 |
_aSocialism _zGreat Britain. |
|
| 650 | 0 |
_aNew Left _zGreat Britain. |
|
| 650 | 0 |
_aMixed economy _zGreat Britain. |
|
| 651 | 0 |
_aGreat Britain _xEconomic conditions. |
|
| 655 | 7 |
_aElectronic books. _2local |
|
| 710 | 2 | _aebrary, Inc. | |
| 856 | 4 | 0 |
_uhttp://site.ebrary.com/lib/rucke/Doc?id=10082140 _zAn electronic book accessible through the World Wide Web; click to view |
| 999 |
_c55278 _d55278 |
||